000 00219nam a22000857a 4500
008 170131b xxu||||| |||| 00| 0 eng d
100 _92706
_aKapoor.s
245 _aSimply Vegitarien
260 _aNew Delhi
_bPopulare Press
_c2005
999 _c5867
_d5867